| 000 | 01025cab a2200253 4500 | ||
|---|---|---|---|
| 001 | X87767 | ||
| 008 | 090401t1997 xxu||||| |||| 00| 0 eng d | ||
| 035 | _a(Sirsi) u82147 | ||
| 041 | _aeng | ||
| 245 | _aKirklees Metropolitan Council v Ward | ||
| 260 | _c1997 | ||
| 350 | _a0 | ||
| 490 |
_aPlanning Appeal Decisions _v(1997) 12 PAD 555-559(5) |
||
| 520 | _aChange of use - smallholding to animal sanctuary and two residential caravans - Struture and Local Plans - Unitary Development Plan - PPGs 1, 2, 24 - green belts - very special circumstances - appropriateness - living conditions of beighbours - noise - loss of privacy - need - ineffectiveness of conditions - access for traffic | ||
| 650 | _aANIMAL SANCTUARY | ||
| 650 | _aKIRKLEES METROPOLITAN COUNCIL V WARD | ||
| 650 | _aPPG1 | ||
| 650 | _aPLANNING POLICY GUIDANCE NOTE 2 (GREEN BELTS) | ||
| 650 | _aPPG24 | ||
| 650 | _aTOWN AND COUNTRY PLANNING ACT 1990 S73 | ||
| 690 | _aPLANNING LAW AND PRACTICE-CASE LAW | ||
| 942 | _n0 | ||
| 948 | _c17/11/1997 | ||
| 999 |
_c51819 _d51819 |
||